Correct manners & etiquette : (Record no. 101403)

MARC details
000 -LEADER
fixed length control field 00570nam a22001817a 4500
005 - DATE AND TIME OF LATEST TRANSACTION
control field 20160720165851.0
010 ## - LCCN (DPL NO)
LC control number ENG-115475
020 ## - INTERNATIONAL STANDARD BOOK NUMBER
International Standard Book Number 9789381384152
Terms of availability 135.00
035 ## - SYSTEM CONTROL NUMBER
System control number EN-99007
037 ## - SOURCE OF ACQUISITION
Source of stock number/acquisition DBAD/PUB
082 ## - DEWEY DECIMAL CLASSIFICATION NUMBER
Classification number 395
100 ## - MAIN ENTRY--PERSONAL NAME
Personal name Gupta,Seema
245 ## - TITLE STATEMENT
Title Correct manners & etiquette :
Remainder of title developing a pleashing personality /behaviour /
Statement of responsibility, etc by Seema Gupta
260 ## - PUBLICATION, DISTRIBUTION, ETC. (IMPRINT)
Place of publication, distribution, etc New Delhi
Name of publisher, distributor, etc V & S Publishers
Date of publication, distribution, etc 2016
270 ## - ADDRESS
Address F-2/16,Ansari Road,Daryaganj
City New Delhi
Postal code 110002
300 ## - PHYSICAL DESCRIPTION
Extent 153p. :
Dimensions 21cm(pbk)
Other physical details ill
942 ## - ADDED ENTRY ELEMENTS (KOHA)
Source of classification or shelving scheme Dewey Decimal Classification
Item type English Books
Classification part 395
Call number suffix GUP
Holdings
Withdrawn status Lost status Not for loan Collection code Home library Current library Date acquired Source of acquisition Cost, normal purchase price Full call number Barcode Copy number Cost, replacement price Koha item type
      Non-fiction Shahdara Branch Shahdara Branch 20/07/2016 DBAD/PUB. 135.00 395 GUP EN-99007 1 135.00 English Books

© Delhi Public Library
Hit Counter
free hit counter